| 000 | 00724nam a2200217 i 4500 | ||
|---|---|---|---|
| 001 | 146286 | ||
| 003 | ES-MaACL | ||
| 005 | 20230906201459.0 | ||
| 007 | t| | ||
| 008 | 070906s1967 sp ||||1| spa d | ||
| 080 | _a248.143 | ||
| 100 | 1 |
_aIraburu, José María. _965398 |
|
| 245 | 1 | 3 |
_aLa oración pública de la Iglesia _b: inserción del oficio divino en la plegaria personal... / _cJosé María Iraburu. |
| 260 |
_aMadrid : _bPropaganda Popular Católica, _c1967. |
||
| 300 |
_a110 p. ; _c19 cm. |
||
| 490 | 1 |
_aColección de Pastoral Aplicada ; _v44 |
|
| 650 | 1 | 4 |
_aOración. _915729 |
| 830 | 0 |
_aColección de Pastoral Aplicada ; _v44 _9187240 |
|
| 852 |
_aES-MaACL _jC-33646 _bR.64605 |
||
| 999 |
_c146286 _d146286 |
||